| 000 | 00754nam a22002537a 4500 | ||
|---|---|---|---|
| 001 | 200462028 | ||
| 003 | TR-AnTOB | ||
| 005 | 20241118091044.0 | ||
| 008 | 240724b tu ||||| |||| 00| 0 tur d | ||
| 020 | _a9786059795548 | ||
| 040 |
_aTR-AnTOB _beng _erda _cTR-AnTOB |
||
| 041 | _atur | ||
| 092 |
_a398.2 _b KEP 2022 |
||
| 100 |
_aKepez, Berfin Sıla _9146566 |
||
| 245 |
_aBal gibi : _b oyun, masal, bayram/ _c Berfin Sıla Kepez ; resimleyen : Eva Marton ; editör : Demet Uyar. |
||
| 336 |
_atext _btxt _2rdacontent |
||
| 337 |
_aunmediated _bn _2rdamedia |
||
| 338 |
_avolume _bnc _2rdacarrier |
||
| 653 | _aÇocuk kitapları | ||
| 700 | 1 |
_aMarton, Eva _9146567 |
|
| 942 |
_2ddc _cBK |
||
| 999 |
_c200462028 _d80240 |
||